[Event "La Roda op 49th"]
[Site "La Roda"]
[Date "2023.04.06"]
[Round "2"]
[White "Nieves Cabanes, Javier"]
[Black "Svane, Frederik"]
[Result "0-1"]
[WhiteElo "2112"]
[BlackElo "2600"]
[PlyCount "70"]
[EventDate "2023.04.05"]
[EventType "swiss"]
[EventRounds "9"]
[EventCountry "ESP"]
[SourceTitle "CBM 213 Extra"]
[Source "ChessBase"]
[SourceDate "2023.05.31"]
[SourceVersion "1"]
[SourceVersionDate "2023.05.31"]
[SourceQuality "1"]

1. Nf3 d5 2. e3 Nf6 3. c4 e6 4. b3 Bd6 5. Nc3 0-0 6. Qc2 a6 7. Bb2 Nbd7 8. Be2 Re8 9. Rg1 e5 10. cxd5 e4 11. Ng5 Nc5 12. f4 b5 13. a3 h6 14. Nh3 Bf8 15. Nf2 Nxd5 16. b4 Nxc3 17. Bxc3 Na4 18. Be5 Bb7 19. Rc1 c5 20. Qb1 Qd5 21. g4 Rad8 22. Rd1 Rxe5 23. fxe5 Qxe5 24. Rg3 cxb4 25. g5 hxg5 26. axb4 Be7 27. d4 Qe6 28. Rc1 f5 29. Nh3 g4 30. Nf4 Qf7 31. Rc7 Bxb4+ 32. Qxb4 Qxc7 33. Ne6 Qd6 34. Nc5 Nxc5 35. dxc5 Qe5 0-1

[Event "Quart de Poblet op 6th"]
[Site "Quart de Poblet"]
[Date "2018.09.01"]
[Round "7.1"]
[White "Nieves Cabanes, Javier"]
[Black "Chernikov, Vladimir"]
[Result "0-1"]
[WhiteElo "2214"]
[BlackElo "2150"]
[PlyCount "108"]
[EventDate "2018.08.27"]
[EventType "swiss"]
[EventRounds "9"]
[EventCountry "ESP"]
[SourceTitle "EXT 2024"]
[Source "ChessBase"]
[SourceDate "2023.10.10"]
[SourceVersion "1"]
[SourceVersionDate "2023.10.10"]
[SourceQuality "1"]

1. Nf3 Nf6 2. c4 b6 3. g3 Bb7 4. Bg2 g6 5. 0-0 Bg7 6. Nc3 0-0 7. Re1 d6 8. e4 e5 9. d4 Nc6 10. d5 Ne7 11. b4 a5 12. bxa5 Rxa5 13. Bd2 Nd7 14. Nb5 Ra8 15. a4 Nc5 16. Bb4 Na6 17. Bc3 h6 18. a5 Nc8 19. Qc2 Qd7 20. Nd2 c6 21. dxc6 Qxc6 22. Rec1 Nc5 23. Nb3 f5 24. axb6 Rxa1 25. Rxa1 Nxb3 26. Qxb3 fxe4 27. Bd2 Rxf2 28. Be3 Re2 29. Bf1 Rxe3 30. Qxe3 Nxb6 31. Rc1 Bf6 32. Qxh6 Qc5+ 33. Kh1 e3+ 34. Bg2 Bxg2+ 35. Kxg2 Qc6+ 36. Kg1 Qe4 37. Nxd6 Qd3 38. Ne8 Nd7 39. Nxf6+ Nxf6 40. Ra1 Qe4 41. Rd1 Kf7 42. Re1 Ng4 43. Qh7+ Ke6 44. Qg8+ Kf6 45. Qd8+ Kf5 46. Qf8+ Kg5 47. h4+ Kh5 48. Qh8+ Nh6 49. Qf6 Kg4 50. Kh2 Qc2+ 51. Kg1 Nf5 52. Qxg6+ Kh3 53. Qc6 Qh2+ 54. Kf1 Nxg3# 0-1

[Event "Quart de Poblet op 6th"]
[Site "Quart de Poblet"]
[Date "2018.08.31"]
[Round "5"]
[White "Nieves Cabanes, Javier"]
[Black "Alonso Garcia, Aaron"]
[Result "1-0"]
[WhiteElo "2214"]
[BlackElo "2321"]
[PlyCount "103"]
[EventDate "2018.08.27"]
[EventType "swiss"]
[EventRounds "9"]
[EventCountry "ESP"]
[SourceTitle "EXT 2024"]
[Source "ChessBase"]
[SourceDate "2023.10.10"]
[SourceVersion "1"]
[SourceVersionDate "2023.10.10"]
[SourceQuality "1"]

1. d4 Nf6 2. Nf3 e6 3. e3 b6 4. Bd3 Bb7 5. Nbd2 c5 6. c3 Be7 7. e4 d5 8. e5 Nfd7 9. Qe2 Nc6 10. a3 c4 11. Bc2 b5 12. Nf1 h6 13. Ng3 Qb6 14. Nh5 Bf8 15. Nf4 a5 16. g4 0-0-0 17. g5 Re8 18. g6 f6 19. exf6 Nxf6 20. 0-0 Bd6 21. Re1 e5 22. Bf5+ Kb8 23. Ne6 exd4 24. cxd4 Nd8 25. Qc2 Nxe6 26. Rxe6 Rxe6 27. Bxe6 Re8 28. Bf5 Ne4 29. Be3 Rf8 30. Bxe4 dxe4 31. d5 Qd8 32. Nd4 Qh4 33. Nxb5 Bxh2+ 34. Kf1 Qh3+ 35. Ke1 Bg3 36. Qxe4 Qd7 37. Nc3 Bxf2+ 38. Bxf2 Re8 39. Bg3+ Ka8 40. Be5 Qe7 41. Kd2 Qxe5 42. Qxc4 Qg5+ 43. Kc2 Qxg6+ 44. Kb3 Rb8 45. Ka2 Qc2 46. Rb1 Rc8 47. Qb5 Kb8 48. Qxa5 Qd2 49. Rd1 Qc2 50. Re1 Rf8 51. Re7 Qh2 52. Qb6 1-0

[Event "Quart de Poblet op 6th"]
[Site "Quart de Poblet"]
[Date "2018.08.29"]
[Round "3.6"]
[White "Nieves Cabanes, Javier"]
[Black "Arance Gonzalez, Luis"]
[Result "1-0"]
[WhiteElo "2214"]
[BlackElo "1990"]
[PlyCount "133"]
[EventDate "2018.08.27"]
[EventType "swiss"]
[EventRounds "9"]
[EventCountry "ESP"]
[SourceTitle "EXT 2024"]
[Source "ChessBase"]
[SourceDate "2023.10.10"]
[SourceVersion "1"]
[SourceVersionDate "2023.10.10"]
[SourceQuality "1"]

1. Nf3 f5 2. d3 Nf6 3. e4 d6 4. exf5 Bxf5 5. d4 Nbd7 6. Bd3 Bxd3 7. Qxd3 e5 8. dxe5 dxe5 9. Nc3 Bd6 10. 0-0 Qe7 11. Re1 0-0-0 12. Nd4 Nc5 13. Qh3+ Qd7 14. Qxd7+ Rxd7 15. Ndb5 a6 16. Nxd6+ cxd6 17. Be3 Re8 18. Rad1 Kc7 19. f4 Rde7 20. fxe5 Rxe5 21. Bf2 Nce4 22. Bd4 Nxc3 23. Bxc3 Rxe1+ 24. Rxe1 Rxe1+ 25. Bxe1 Ne4 26. Kf1 Kd7 27. Ke2 Ke6 28. Ke3 Ke5 29. Ba5 g6 30. Bb6 Ng5 31. c4 Ne6 32. Ba7 Nd8 33. Bd4+ Kf5 34. Bb6 Nc6 35. Bc7 Ke6 36. Kf4 Ne5 37. b3 Kd7 38. Ba5 Ke6 39. Bc3 Nf7 40. a4 Nd8 41. b4 Nf7 42. g4 Nd8 43. h4 Nf7 44. g5 Nd8 45. Ke4 Kd7 46. b5 Ne6 47. Bb4 Nc7 48. Ba5 Ne6 49. Bb6 Ng7 50. Bf2 Nf5 51. Kd5 Ne7+ 52. Kd4 Ke6 53. Ke4 d5+ 54. Kd4 dxc4 55. Kxc4 axb5+ 56. axb5 Kd7 57. Kc5 Nf5 58. Kd5 Nd6 59. b6 Nf5 60. Ke5 Nd6 61. Bc5 Nf5 62. h5 Ng7 63. hxg6 hxg6 64. Kf6 Ne6 65. Be3 Nxg5 66. Kxg5 Kc8 67. Bf4 1-0

[Event "ESP-chT CECLUB Div2"]
[Site "Linares"]
[Date "2017.08.09"]
[Round "3.4"]
[White "Jimenez Mompo, Candido"]
[Black "Nieves Cabanes, Javier"]
[Result "0-1"]
[WhiteElo "1993"]
[BlackElo "2203"]
[PlyCount "82"]
[EventDate "2017.08.08"]
[EventType "team"]
[EventRounds "7"]
[EventCountry "ESP"]
[SourceTitle "CBM 179 Extra"]
[Source "ChessBase"]
[SourceDate "2017.08.23"]
[SourceVersion "1"]
[SourceVersionDate "2017.08.23"]
[SourceQuality "1"]
[WhiteTeam "Xeraco CE"]
[BlackTeam "Manises Eva"]
[WhiteTeamCountry "ESP"]
[BlackTeamCountry "ESP"]

1. d4 Nf6 2. c4 c5 3. e3 g6 4. Nf3 Bg7 5. Nc3 0-0 6. Be2 cxd4 7. Nxd4 d5 8. Nf3 Qa5 9. 0-0 dxc4 10. Bxc4 Nc6 11. e4 Qb4 12. Qb3 Qc5 13. Qb5 Qxb5 14. Bxb5 a6 15. Bxc6 bxc6 16. Be3 Rb8 17. Rab1 Nd7 18. Bd4 f6 19. Rfc1 c5 20. Be3 f5 21. exf5 gxf5 22. Na4 f4 23. Bd2 Rf5 24. b3 Bb7 25. Ne1 Be4 26. Nc2 c4 27. b4 Rc8 28. Bc3 Rg5 29. g3 Ne5 30. Bxe5 Bxe5 31. Nc5 Bf5 32. Nxa6 fxg3 33. fxg3 Bf4 34. b5 Bxc1 35. Rxc1 Bxc2 36. Rxc2 Rxb5 37. a3 Rb3 38. Nb4 e6 39. Kf2 Rxa3 40. Na2 c3 41. Ke3 Rxa2 0-1

[Event "La Roda op 44th"]
[Site "La Roda"]
[Date "2017.04.15"]
[Round "7"]
[White "Pilgaard, Kim"]
[Black "Nieves Cabanes, Javier"]
[Result "1-0"]
[WhiteElo "2381"]
[BlackElo "2172"]
[PlyCount "55"]
[EventDate "2017.04.12"]
[EventType "swiss"]
[EventRounds "9"]
[EventCountry "ESP"]
[SourceTitle "CBM 177 Extra"]
[Source "ChessBase"]
[SourceDate "2017.04.27"]
[SourceVersion "1"]
[SourceVersionDate "2017.04.27"]
[SourceQuality "1"]

1. d4 Nf6 2. c4 c5 3. d5 b5 4. cxb5 a6 5. bxa6 g6 6. Nc3 Bg7 7. Nf3 Bxa6 8. g3 d6 9. Bg2 Nbd7 10. Rb1 0-0 11. 0-0 Qa5 12. Bd2 Rfb8 13. Qc2 Qc7 14. b3 Nb6 15. Nh4 Qb7 16. Rfd1 Nbxd5 17. Nxd5 Nxd5 18. Bh6 Nb4 19. Qd2 Nc6 20. Bxg7 Kxg7 21. b4 cxb4 22. Rdc1 Rc8 23. Qc2 Bb5 24. Rxb4 Kg8 25. Qb1 Rab8 26. Bxc6 Rxc6 27. Rxc6 Qxc6 28. a4 1-0

[Event "Valencia Region-ch"]
[Site "Valencia"]
[Date "2016.11.12"]
[Round "6"]
[White "Gimenez Menchon, Cesar"]
[Black "Nieves Cabanes, Javier"]
[Result "1-0"]
[WhiteElo "2135"]
[BlackElo "2182"]
[PlyCount "129"]
[EventDate "2016.10.01"]
[EventType "swiss"]
[EventRounds "7"]
[EventCountry "ESP"]
[SourceTitle "EXT 2024"]
[Source "ChessBase"]
[SourceDate "2023.10.10"]
[SourceVersion "1"]
[SourceVersionDate "2023.10.10"]
[SourceQuality "1"]

1. e4 e5 2. Nf3 Nc6 3. Bc4 Bc5 4. c3 Nf6 5. d4 exd4 6. cxd4 Bb4+ 7. Nbd2 d5 8. exd5 Nxd5 9. 0-0 0-0 10. a3 Bxd2 11. Bxd2 Bg4 12. h3 Bh5 13. Ba2 Qd6 14. Qb3 Bxf3 15. Qxf3 Rad8 16. Bg5 Rd7 17. Rad1 Nd8 18. Rfe1 Ne6 19. Bh4 c6 20. Bg3 Qe7 21. b4 Qf6 22. Qxf6 gxf6 23. Rd3 Kg7 24. Bh4 Nef4 25. Rf3 Ng6 26. Bg3 Rfd8 27. h4 Re7 28. Rxe7 Ngxe7 29. h5 Kh6 30. Bh4 Rd6 31. g4 Re6 32. Kg2 Re4 33. Kg3 f5 34. gxf5 Kxh5 35. Bxe7 Rxe7 36. Bxd5 cxd5 37. f6 Re4 38. Rf5+ Kg6 39. Rxd5 Kxf6 40. f3 Re3 41. Ra5 a6 42. Kf4 Rb3 43. Rf5+ Ke7 44. Ra5 h5 45. Rxh5 Rxa3 46. Rc5 Kd6 47. b5 Ra5 48. bxa6 Rxa6 49. Rb5 b6 50. Ke4 Kc6 51. Rf5 Ra7 52. Rf6+ Kb5 53. Ke5 Rd7 54. Rd6 Rxd6 55. Kxd6 Kc4 56. d5 b5 57. Kc6 b4 58. d6 b3 59. d7 b2 60. d8Q b1Q 61. Qd5+ Kc3 62. Qxf7 Kd4 63. Qf4+ Kc3 64. Qe5+ Kc4 65. Qd5+ 1-0

[Event "Valencia Region-ch"]
[Site "Valencia"]
[Date "2016.10.29"]
[Round "4"]
[White "Munoz Ortega, Jose Daniel"]
[Black "Nieves Cabanes, Javier"]
[Result "0-1"]
[WhiteElo "2073"]
[BlackElo "2182"]
[PlyCount "80"]
[EventDate "2016.10.01"]
[EventType "swiss"]
[EventRounds "7"]
[EventCountry "ESP"]
[SourceTitle "EXT 2024"]
[Source "ChessBase"]
[SourceDate "2023.10.10"]
[SourceVersion "1"]
[SourceVersionDate "2023.10.10"]
[SourceQuality "1"]

1. d4 Nf6 2. c4 e6 3. Nc3 Bb4 4. Qc2 0-0 5. Nf3 d5 6. cxd5 exd5 7. Bg5 Nbd7 8. e3 c5 9. dxc5 Qa5 10. Bxf6 Nxf6 11. Bd3 Re8 12. 0-0 Bg4 13. Nb5 a6 14. Nbd4 Bxf3 15. gxf3 Qxc5 16. Rac1 Rac8 17. Qa4 Qf8 18. Bf5 Rxc1 19. Rxc1 g6 20. Bh3 Bd6 21. f4 Qh6 22. Rc8 Qxh3 23. Rxe8+ Kg7 24. f3 b5 25. Qxa6 Nxe8 26. Qc6 Kf8 27. Qxd5 b4 28. a4 Qc8 29. Nc6 Qe6 30. Qd4 Kg8 31. a5 Nc7 32. Nd8 Qe7 33. Nc6 Qf8 34. Qb6 Nd5 35. Qd4 Nxf4 36. Kf2 Ne6 37. Qd5 Bc5 38. a6 Qh6 39. Ne7+ Kf8 40. Qd7 Qxe3+ 0-1

[Event "Xativa Murta op 2nd"]
[Site "Xativa"]
[Date "2016.08.27"]
[Round "9"]
[White "Bas Mas, Miguel"]
[Black "Nieves Cabanes, Javier"]
[Result "1/2-1/2"]
[WhiteElo "2123"]
[BlackElo "2215"]
[PlyCount "26"]
[EventDate "2016.08.22"]
[EventType "swiss"]
[EventRounds "9"]
[EventCountry "ESP"]
[SourceTitle "CBM 174 Extra"]
[Source "ChessBase"]
[SourceDate "2016.10.10"]
[SourceVersion "1"]
[SourceVersionDate "2016.10.10"]
[SourceQuality "1"]

1. e4 e5 2. Nf3 Nc6 3. Bb5 a6 4. Ba4 Nf6 5. d3 b5 6. Bb3 Be7 7. 0-0 d6 8. a3 Na5 9. Ba2 c5 10. Nc3 Be6 11. Bxe6 fxe6 12. Ne2 Nc6 13. Ng3 0-0 1/2-1/2

[Event "Xativa Murta op 2nd"]
[Site "Xativa"]
[Date "2016.08.25"]
[Round "5"]
[White "Kovacevic, Slobodan"]
[Black "Nieves Cabanes, Javier"]
[Result "1-0"]
[WhiteElo "2303"]
[BlackElo "2215"]
[PlyCount "89"]
[EventDate "2016.08.22"]
[EventType "swiss"]
[EventRounds "9"]
[EventCountry "ESP"]
[SourceTitle "CBM 174 Extra"]
[Source "ChessBase"]
[SourceDate "2016.10.10"]
[SourceVersion "1"]
[SourceVersionDate "2016.10.10"]
[SourceQuality "1"]

1. d4 Nf6 2. Nf3 d5 3. Bf4 c5 4. e3 Nc6 5. c3 Qb6 6. Qb3 c4 7. Qc2 Bf5 8. Qc1 e6 9. Nbd2 Be7 10. Be2 h6 11. Bd1 Qd8 12. Bc2 Bxc2 13. Qxc2 b5 14. a3 a5 15. 0-0 0-0 16. e4 b4 17. Ne5 Qb6 18. Rfe1 Nxe5 19. Bxe5 Rfc8 20. Bxf6 Bxf6 21. exd5 exd5 22. Nf1 bxc3 23. bxc3 Qb3 24. Qd2 Rab8 25. a4 Qb7 26. g3 Qd7 27. Qc2 Rb3 28. Nd2 Rb6 29. Rab1 Rcb8 30. Rxb6 Rxb6 31. Nf1 g6 32. Ne3 Rb3 33. Rb1 Qxa4 34. Nxd5 Bg7 35. Re1 Qb5 36. Qe4 Kh7 37. g4 a4 38. Kg2 a3 39. Qf3 Qc6 40. Ra1 Qb7 41. Rxa3 Rb5 42. Ra5 Rb3 43. Rc5 Qa7 44. Rc7 Qa8 45. Nf6+ 1-0

[Event "Andorra op 34th"]
[Site "Escaldes"]
[Date "2016.08.07"]
[Round "5"]
[White "Nieves Cabanes, Javier"]
[Black "Cai, Chaoruo"]
[Result "0-1"]
[WhiteElo "2215"]
[BlackElo "1961"]
[PlyCount "64"]
[EventDate "2016.08.03"]
[EventType "swiss"]
[EventRounds "9"]
[EventCountry "AND"]
[SourceTitle "CBM 173 Extra"]
[Source "ChessBase"]
[SourceDate "2016.08.29"]
[SourceVersion "1"]
[SourceVersionDate "2016.08.29"]
[SourceQuality "1"]

1. d4 e6 2. c4 d5 3. Nc3 Nf6 4. cxd5 exd5 5. Bg5 Be7 6. e3 0-0 7. Bd3 Re8 8. Qc2 Nbd7 9. Nf3 c6 10. 0-0 Nf8 11. h3 Ng6 12. Ne5 Ne4 13. Bf4 Nxf4 14. exf4 f5 15. f3 Ng3 16. Rfd1 Bh4 17. Rab1 Qb6 18. Qf2 g5 19. Qe3 Nh5 20. fxg5 Bg3 21. Na4 Qb4 22. Nxc6 Qf8 23. Ne5 Bf4 24. Qf2 Qg7 25. h4 Bg3 26. Qe2 Bxh4 27. Bb5 Nf4 28. Qc2 Re7 29. g6 Bg3 30. gxh7+ Kh8 31. Qc5 Qxh7 32. Ng6+ Nxg6 0-1

[Event "La Roda op 43rd"]
[Site "La Roda"]
[Date "2016.03.24"]
[Round "2"]
[White "Granda Zuniga, Julio E"]
[Black "Nieves Cabanes, Javier"]
[Result "1-0"]
[WhiteElo "2688"]
[BlackElo "2187"]
[PlyCount "105"]
[EventDate "2016.03.23"]
[EventType "swiss"]
[EventRounds "9"]
[EventCountry "ESP"]
[SourceTitle "CBM 171 Extra"]
[Source "ChessBase"]
[SourceDate "2016.04.26"]
[SourceVersion "1"]
[SourceVersionDate "2016.04.26"]
[SourceQuality "1"]

1. d4 Nf6 2. c4 e6 3. Nf3 c5 4. d5 d6 5. Nc3 exd5 6. cxd5 g6 7. e4 a6 8. Nd2 Bg7 9. a4 0-0 10. Be2 Re8 11. 0-0 Nbd7 12. Re1 Ne5 13. h3 g5 14. Nf1 g4 15. hxg4 Nfxg4 16. g3 h5 17. f3 Nh6 18. Nh2 Qf6 19. f4 Qg6 20. fxe5 Qxg3+ 21. Kh1 Ng4 22. Bxg4 Bxe5 23. Qd2 Bxg4 24. Rg1 Qh3 25. Qg2 Qh4 26. Bd2 Kh7 27. Raf1 f5 28. Be1 Qxh2+ 29. Qxh2 Bxh2 30. Kxh2 fxe4 31. Rf4 e3 32. Ne4 Kg6 33. Rf6+ Kg7 34. Bc3 Rxe4 35. Re6+ Rd4 36. Rxe3 Rf8 37. Re4 Rf3 38. Bxd4+ cxd4 39. Rxd4 Rb3 40. Rg2 Kf6 41. Re4 b5 42. a5 Rd3 43. Re8 Rxd5 44. Rf2+ Bf5 45. Ra8 b4 46. Rxa6 b3 47. Ra8 Ke5 48. Re8+ Kd4 49. a6 Ra5 50. a7 Be4 51. Rf4 Rxa7 52. Rexe4+ Kd3 53. Rb4 1-0

[Event "Valencia Region-ch"]
[Site "Valencia"]
[Date "2015.10.24"]
[Round "3.1"]
[White "Nieves Cabanes, Jose Manuel"]
[Black "Nieves Cabanes, Javier"]
[Result "1-0"]
[WhiteElo "2191"]
[BlackElo "2190"]
[PlyCount "89"]
[EventDate "2015.10.03"]
[EventType "swiss"]
[EventRounds "7"]
[EventCountry "ESP"]
[SourceTitle "EXT 2024"]
[Source "ChessBase"]
[SourceDate "2023.10.10"]
[SourceVersion "1"]
[SourceVersionDate "2023.10.10"]
[SourceQuality "1"]

1. d4 Nf6 2. c4 e6 3. Nc3 c5 4. d5 exd5 5. cxd5 d6 6. Nf3 g6 7. g3 Bg7 8. Bg2 0-0 9. 0-0 Re8 10. Nd2 a6 11. a4 Nbd7 12. Nc4 Ne5 13. Na3 Nh5 14. e4 f5 15. h3 b5 16. axb5 axb5 17. Ncxb5 Ba6 18. Rb1 Qb6 19. b4 cxb4 20. Rxb4 Reb8 21. Qb3 fxe4 22. Bxe4 Nf6 23. Be3 Qa5 24. Bg2 Nfd7 25. Rb1 Bxb5 26. Nxb5 Nc5 27. Bxc5 dxc5 28. d6+ Kh8 29. Rf4 c4 30. Qe3 Ra6 31. d7 Nxd7 32. Rf7 Nf6 33. Qe7 Re8 34. Qc7 Qa2 35. Nc3 Qa5 36. Rxg7 Qxc3 37. Rb7 Qc1+ 38. Kh2 Qh6 39. Qxc4 Rae6 40. Rgf7 Qg5 41. Qd4 Kg8 42. Rg7+ Kh8 43. Rxh7+ Kg8 44. Rbg7+ Kf8 45. Qb4+ 1-0

[Event "ESP-chT CECLUB Div1"]
[Site "Linares"]
[Date "2015.08.13"]
[Round "6.3"]
[White "Senlle Caride, Miguel"]
[Black "Nieves Cabanes, Javier"]
[Result "1-0"]
[WhiteElo "2320"]
[BlackElo "2152"]
[PlyCount "61"]
[EventDate "2015.08.08"]
[EventType "team-tourn"]
[EventRounds "7"]
[EventCountry "ESP"]
[SourceTitle "EXT 2017"]
[Source "ChessBase"]
[SourceDate "2016.10.25"]
[SourceVersion "1"]
[SourceVersionDate "2016.10.25"]
[SourceQuality "1"]
[WhiteTeam "Vigo Universidad"]
[BlackTeam "Manises Eva"]
[WhiteTeamCountry "ESP"]
[BlackTeamCountry "ESP"]

1. Nf3 Nf6 2. g3 b5 3. Bg2 Bb7 4. d4 e6 5. 0-0 c5 6. Na3 Qb6 7. c4 b4 8. Nc2 Na6 9. b3 Be7 10. a3 cxd4 11. Ncxd4 0-0 12. Nb5 d5 13. Be3 Bc5 14. Bxc5 Qxc5 15. Ne1 Rfd8 16. Nd3 Qb6 17. Qe1 dxc4 18. Bxb7 Qxb7 19. bxc4 bxa3 20. Qa5 Ne4 21. Qxa3 Nb8 22. Rfb1 Qc6 23. Ne5 Qb7 24. Nd6 Qc7 25. Ndxf7 Nd7 26. Nxd8 Nxe5 27. Qf8+ Kxf8 28. Nxe6+ Ke7 29. Nxc7 Rf8 30. f3 Nc3 31. Nd5+ 1-0

[Event "Andorra op 33rd"]
[Site "La Massana"]
[Date "2015.07.24"]
[Round "7"]
[White "Loiseau, Quentin"]
[Black "Nieves Cabanes, Javier"]
[Result "1-0"]
[WhiteElo "2429"]
[BlackElo "2141"]
[PlyCount "75"]
[EventDate "2015.07.18"]
[EventType "swiss"]
[EventRounds "9"]
[EventCountry "AND"]
[SourceTitle "CBM 167 Extra"]
[Source "ChessBase"]
[SourceDate "2015.09.14"]
[SourceVersion "1"]
[SourceVersionDate "2015.09.14"]
[SourceQuality "1"]

1. d4 Nf6 2. c4 e6 3. g3 c5 4. d5 exd5 5. cxd5 d6 6. Nc3 g6 7. Bg2 Bg7 8. Nf3 0-0 9. 0-0 a6 10. a4 Re8 11. Nd2 Nbd7 12. h3 Rb8 13. Nc4 Ne5 14. Na3 Nh5 15. e4 Bd7 16. a5 b5 17. axb6 Bb5 18. Naxb5 axb5 19. Nxb5 Qxb6 20. Nc3 c4 21. g4 Nd3 22. Na4 Qa7 23. Be3 Bd4 24. Bxd4 Qxd4 25. gxh5 Rb4 26. Qd2 Ra8 27. Qc3 Qa7 28. Nc5 Qxa1 29. Rxa1 Rxa1+ 30. Kh2 dxc5 31. h6 f6 32. Qxf6 Ra7 33. Qd8+ Kf7 34. Qh8 Rbb7 35. e5 g5 36. Qxh7+ Ke8 37. Qg8+ Kd7 38. h7 1-0

[Event "Andorra op 33rd"]
[Site "La Massana"]
[Date "2015.07.21"]
[Round "4"]
[White "Nieves Cabanes, Javier"]
[Black "Guichard, Pauline"]
[Result "0-1"]
[WhiteElo "2141"]
[BlackElo "2353"]
[PlyCount "62"]
[EventDate "2015.07.18"]
[EventType "swiss"]
[EventRounds "9"]
[EventCountry "AND"]
[SourceTitle "CBM 167 Extra"]
[Source "ChessBase"]
[SourceDate "2015.09.14"]
[SourceVersion "1"]
[SourceVersionDate "2015.09.14"]
[SourceQuality "1"]

1. d4 d5 2. c4 c6 3. Nf3 Nf6 4. Qc2 dxc4 5. Qxc4 Bg4 6. Nbd2 Nbd7 7. g3 e6 8. Bg2 Be7 9. Ne5 Bh5 10. Nxd7 Nxd7 11. Nb3 a5 12. 0-0 a4 13. Nc5 Nxc5 14. dxc5 Qa5 15. g4 Bg6 16. Be3 h5 17. g5 0-0 18. f4 Rfd8 19. Rfc1 Bf5 20. Bf3 h4 21. Bf2 e5 22. Bxh4 Be6 23. Qc2 Bxc5+ 24. Kh1 Rd2 25. Qe4 Bd5 26. Qxe5 Bd4 27. Qe7 a3 28. bxa3 Bxa1 29. Rxa1 Bxf3+ 30. exf3 Qxa3 31. Qe4 Qb2 0-1

[Event "Benidorm op U2300 13th"]
[Site "Benidorm"]
[Date "2014.11.29"]
[Round "2"]
[White "Longa Yauca, Javier"]
[Black "Nieves Cabanes, Javier"]
[Result "0-1"]
[WhiteElo "2284"]
[BlackElo "2149"]
[PlyCount "86"]
[EventDate "2014.11.28"]
[EventType "swiss"]
[EventRounds "10"]
[EventCountry "ESP"]
[SourceTitle "CBM 163 Extra"]
[Source "ChessBase"]
[SourceDate "2014.12.23"]
[SourceVersion "1"]
[SourceVersionDate "2014.12.23"]
[SourceQuality "1"]

1. d4 Nf6 2. Nf3 e6 3. Bg5 c5 4. c3 b6 5. e3 Bb7 6. Nbd2 Be7 7. Bd3 cxd4 8. exd4 d6 9. 0-0 Nbd7 10. a4 a6 11. Re1 0-0 12. Nf1 Re8 13. Ng3 Qc7 14. Rc1 Bf8 15. Qe2 Qc8 16. b4 h6 17. Bxf6 Nxf6 18. c4 Qd7 19. Qa2 a5 20. b5 Rac8 21. d5 Rc5 22. dxe6 fxe6 23. Bg6 Rec8 24. Nd4 Bd5 25. Bd3 Qf7 26. Rcd1 Rxc4 27. Bxc4 Rxc4 28. Qa3 h5 29. f3 h4 30. Nf1 e5 31. Nf5 Be6 32. N1e3 d5 33. Qa1 Bc5 34. Kh1 Bxf5 35. Nxf5 Nd7 36. Ne3 Bxe3 37. Rxe3 h3 38. gxh3 d4 39. Red3 Nc5 40. Ra3 Rc2 41. Qb1 Qc4 42. Re1 d3 43. Ra1 Qf4 0-1

[Event "Valencia Provincial-ch"]
[Site "Valencia"]
[Date "2014.11.22"]
[Round "7"]
[White "Nieves Cabanes, Javier"]
[Black "Sanchez Saez, Francisco"]
[Result "0-1"]
[WhiteElo "2097"]
[BlackElo "2320"]
[PlyCount "70"]
[EventDate "2014.09.27"]
[EventType "swiss"]
[EventRounds "7"]
[EventCountry "ESP"]
[SourceTitle "EXT 2016"]
[Source "ChessBase"]
[SourceDate "2015.10.08"]
[SourceVersion "1"]
[SourceVersionDate "2015.10.08"]
[SourceQuality "1"]

1. d4 Nf6 2. c4 c5 3. d5 e6 4. Nc3 exd5 5. cxd5 d6 6. Nf3 g6 7. Bf4 a6 8. a4 Bg7 9. h3 0-0 10. e3 Re8 11. Nd2 Nbd7 12. Be2 Ne5 13. 0-0 Nfd7 14. Nde4 Qe7 15. Qb3 f5 16. Ng5 Nf8 17. h4 h6 18. Nf3 Nfd7 19. a5 Nxf3+ 20. Bxf3 Be5 21. Ne2 Bxf4 22. Nxf4 Ne5 23. Be2 Qxh4 24. Ne6 Bxe6 25. dxe6 Qe7 26. f4 Nc6 27. Bc4 Kh7 28. g4 Qh4 29. Qxb7+ Ne7 30. Qg2 d5 31. Be2 Rab8 32. g5 Rxb2 33. e4 fxe4 34. Ra3 Nf5 35. Rh3 Rxe2 0-1